1363 1134 1808 1567 1199 1467 1852 1167 1903 1958 1256 1515 1573 1069 1432 1862 1611 1542 1102 1646 1654 1025 1379 1315 1935 1156 1384 1532 1182 1325 1532 1410 1182 1562 1061 1586 1320 1221 1804 1982 1809 1930 1810 1151 1062 1607 1663 1739 1969 1130 1508 1745 1327 1527 1503 1870 1647 1506 1261 1449 1133 1919 1072 1642 1957 1070 1487 1292 1782 1946 1328 1597 1615 1432 1760 1199 1938 1689 1775 1050 1101 1196 1937 1403 1307 1003 1163 1611 1704 1655 1926 1356 1973 1873 1374 1480 1045 1065 1164 BCNSPRNW ULIB Ver.6.0+V

เปลี่ยนเป็นภาษาไทย

Change to English
 แสดงรายละเอียดบรรณานุกรม
  กลับหน้าหลัก

Brief Record : Get Marc (ISO 2709) : E-mail record : QR code < ปิดหน้าต่าง
LEADER : 00000nam 2200000uu 4500
001    13399109099
003     ULIB
008    110321s2545||||th 000 0 tha d
020    9743676651
060 04 WA292^bน176ก 2545
110 1  มหาวิทยาลัยขอนแก่น. ^bคณะแพทยศาสตร์
245 10 การปฏิบัติการกู้ชีพ=^bCardiopulmonary resuscitation /^cบรรณาธิการ,นพพร เชาวะเจริญ,พนอ เตชะอธิก,กาญจนา สิมะจารึก,นิตยา วอแพง
246 31 Cardiopulmonary resuscitation
250    พิมพ์ครั้งที่ 1
260    ขอนแก่น :^bคณะแพทยศาสตร์ มหาวิทยาลัยขอนแก่น,^c2545
300    89 หน้า :^bภาพประกอบ
650  7 Cpr
650  7 การกู้ชีพ
700 0  นพพร เชาวะเจริญ,^eบรรณาธิการ
700 0  พนอ เตชะอธิก,^eบรรณาธิการ
700 0  กาญจนา สิมะจารึก,^eบรรณาธิการ
700 0  นิตยา วอแพง,^eบรรณาธิการ
710 2  โรงพยาบาลศรีนครินทร์. ^bงานบริการพยาบาล
945    ^p0^l0^i027789
995    ทศพร
999 ^a ใช้งานได้ทุกระบบ
รายการนี้ยังไม่มีแท็ก
คุณยังไม่ได้ล็อกอิน คุณสามารถมีกิจกรรมร่วมกับเว็บไซต์ได้ แต่ต้องล็อกอินก่อน ::
  ล็อกอิน

รายการสื่อสารสนเทศ

ลำดับที่ ประเภท เลขเรียก/บาร์โค้ด สถานที่ สถานะ
- ไม่พบข้อมูล -

รายการใกล้เคียง
    หัวเรื่อง [Cpr]
    หัวเรื่อง [การกู้ชีพ]

BibComment


ยังไม่เคยถูกคอมเมนท์

คอมเมนท์ทรัพยากรรายการนี้
  คอมเมนท์: การปฏิบัติการกู้ช..


 Copyright 2026. Bcnsprnw @Library